000 00692nam a2200253Ia 4500
003 OSt
005 20220926005224.0
006 a|||||r|||| 00| 0
007 ta
008 220923b |||||||| |||| 00| 0 eng d
020 _a817829298X
037 _cGeneral Book
040 _aRTL
_cRTL
_beng
041 _2eng
_aeng
082 _aY9(W).2.P, P4
100 _aOomen T K
245 0 _aNation, civil society and social movements
260 _a New Delhi
_bSage Publications India
_c2004
300 _a266p
_ccm.
500 _aBibliography P 248-255
650 _aPolitical Sociology
942 _hY9(W).2.P, P4
_cGB
_2CC
999 _c613215
_d613215